Principles of Insurance Law (Record no. 344708)

MARC details
000 -LEADER
fixed length control field 00385nam a2200157Ia 4500
008 - FIXED-LENGTH DATA ELEMENTS--GENERAL INFORMATION
fixed length control field 230511s1992 xx 000 0 und d
041 ## - LANGUAGE CODE
Language code of text/sound track or separate title eng
082 ## - DEWEY DECIMAL CLASSIFICATION NUMBER
Classification number 346.086
100 ## - MAIN ENTRY--PERSONAL NAME
Personal name Srinivasan M N and Kannan K
245 ## - TITLE STATEMENT
Title Principles of Insurance Law
250 ## - EDITION STATEMENT
Edition statement 5th
260 ## - PUBLICATION, DISTRIBUTION, ETC.
Place of publication, distribution, etc. Bangalore
Name of publisher, distributor, etc. Ramanuja Pub .
Date of publication, distribution, etc. 1992
300 ## - PHYSICAL DESCRIPTION
Extent 200
365 ## - TRADE PRICE
Price amount 125
906 ## - LOCAL DATA ELEMENT F, LDF (RLIN)
a Law of Insurance
Holdings
Withdrawn status Lost status Damaged status Not for loan Home library Current library Shelving location Date acquired Source of acquisition Cost, normal purchase price Total Checkouts Full call number Barcode Date last seen Price effective from Koha item type
        New Law College, Kolhapur New Law College, Kolhapur   11/05/2023 Ramanuja Publishers 125.00   346.086 NLK-725 11/05/2023 11/05/2023 Textbook